Legal professional

Bibliographic Details
New Title:Legal assistant today (Costa Mesa, Calif.)
Previous Title:Legal assistant today
Format: Electronic Journal
Language:English
Published: [Dallas, TX : Legal Assistant Today, Inc., c1989-c1990.
Subjects:
Online Access:Full text available from Research Library: 1989 to 1990

MARC

LEADER 00000nas a2200000 a 4500
001 ssj0000740199
003 WaSeSS
005 20200512172242.0
006 m d
007 cr n
008 890803d19891990txubr p s 0 a0eng c
010 |a  90649016   |z sn 89003813  
022 |l 1045-6686  |y 1045-6686 
035 |a (WaSeSS)ssj0000740199 
040 |a OCoC-L  |c OCoC-L  |d NSDP  |d DLC  |d NST  |d DLC  |d NSDP  |d NST  |d DLC  |d OCoLC  |d WaSeSS 
042 |a nsdp  |a pcc 
043 |a n-us--- 
050 0 0 |a KF320.L4  |b L447 
082 0 0 |a 340/.023/73  |2 20 
210 0 |a Legal prof. 
222 0 |a Legal professional 
245 0 0 |a Legal professional  |h [electronic resource]. 
260 |a [Dallas, TX :  |b Legal Assistant Today, Inc.,  |c c1989-c1990. 
265 |a Legal Professional, 6060 N. Central Expwy., Ste. 670, Dallas, TX 75206 
310 |a Bimonthly 
362 0 |a Vol. 6, no. 6 (July/Aug. 1989)-Vol. 7, no. 4 (Mar./Apr. 1990). 
500 |a Title from cover. 
506 |a License restrictions may limit access. 
650 0 |a Legal assistants  |z United States  |v Periodicals. 
655 0 |a Electronic journals. 
780 0 0 |t Legal assistant today  |x 0741-7772  |w (DLC) 84644322  |w (OCoLC)10203515 
785 0 0 |t Legal assistant today (Costa Mesa, Calif.)  |x 1051-3663  |w (DLC)sn 90006108  |w (OCoLC)21653861 
850 |a DLC  |a MdU  |a MiDW-L  |a NcD-L 
856 4 0 |z Full text available from Research Library: 1989 to 1990  |u https://search.proquest.com/publication/3641